Statistiques concernant Aréna des équipes de la LNH

Cliquez ici pour prendre le quiz!

Statistiques générales

  • Ce quiz a été pris 13 fois
  • Le résultat moyen est 11 sur 31

Statistiques - réponses

Équipe Aréna % Correct
Canadiens de MontréalCentre Bell
90%
Bruins de BostonTD Garden
90%
Rangers de New YorkMadison Square Garden
70%
Kings de Los AngelesStaples Center
70%
Maple Leafs de TorontoScotiabank Arena
50%
Blackhawks de ChicagoUnited Center
40%
Stars de DallasAmerican Airlines Center
40%
Ducks d'AnaheimHonda Center
40%
Oilers d'EdmontonRogers Place
40%
Sénateurs d'OttawaCentre Canadian Tire
40%
Canucks de VancouverRogers Arena
40%
Wild du MinnesotaXcel Energy Center
30%
Sharks de San JoseSAP Center at San Jose
30%
Golden Knights de VegasT-Moblie Arena
30%
Avalanche de ColoradoPepsi Center
30%
Predators de NashvilleBridgestone Arena
30%
Coyotes de l'ArizonaGila River Arena
30%
Capitals de WashingtonCapital One Arena
30%
Panthers de la FlorideBB&T Center
30%
Lightning de Tampa BayAmalie Arena
30%
Islanders de New YorkBarclays Center
30%
Flyers de PhiladelphieWells Fargo Center
30%
Devils du New JerseyPrudential Center
30%
Sabres de BuffaloKeyBank Center
20%
Hurricanes de la CarolinePNC Arena
20%
Red Wings de DétroitLittle Caesars Arena
20%
Blue Jackets de ColumbusNationwide Arena
20%
Blues de Saint-LouisEnterprise Center
20%
Jets de WinnipegBell MTS Place
20%
Penguins de PittsburghPPG Paints Arena
20%
Flames de CalgaryScotiabank Saddledome
20%

Distribution des résultats

Percentile by Number Answered

% des personnes avec chaque résultat

Votre développement - résultats

Vous n’avez pas pris ce quiz